Necrons - 10th Edition (Index) - Statistics

General Stats
  • This quiz has been taken 8 times
  • The average score is 11 of 72
Answer Stats
Hint Answer % Correct
Index Unit Immortals
57%
Army Rule Reanimation Protocols
57%
Index Unit Lord
43%
Index Unit Necron Warriors
43%
Index Unit Overlord
43%
Index Unit The Silent King
43%
Detachment Awakened Dynasty
29%
Index Unit Canoptek Doomstalker
29%
Index Unit Canoptek Reanimator
29%
Index Unit Ghost Ark
29%
Index Unit Monolith
29%
Index Unit Night Scythe
29%
Index Unit Orikan the Diviner
29%
Index Unit Trazyn the Infinite
29%
Index Unit Annihilation Barge
14%
Index Unit Anrakyr the Traveller
14%
Index Unit Canoptek Scarab Swarms
14%
Index Unit Canoptek Spyders
14%
Index Unit Canoptek Wraiths
14%
Index Unit Catacomb Command Barge
14%
Index Unit Chronomancer
14%
Detachment Rule Command Protocols
14%
Index Unit Cryptothralls
14%
Index Unit C'tan Shard of the Deceiver
14%
Index Unit C'tan Shard of the Nightbringer
14%
Index Unit C'tan Shard of the Void Dragon
14%
Index Unit Deathmarks
14%
Index Unit Doom Scythe
14%
Index Unit Doomsday Ark
14%
Index Unit Flayed Ones
14%
Index Unit Imotekh the Stormlord
14%
Index Unit Lokhust Destroyers
14%
Index Unit Lokhust Heavy Destroyers
14%
Index Unit Lokhust Lord
14%
Index Unit Lychguard
14%
Index Unit Nemesor Zahndrekh
14%
Index Unit Obelisk
14%
Index Unit Ophydian Destroyers
14%
Index Unit Plasmancer
14%
Stratagem Protocol of the Conquering Tyrant
14%
Stratagem Protocol of the Hungry Void
14%
Stratagem Protocol of the Sudden Storm
14%
Stratagem Protocol of the Undying Legions
14%
Stratagem Protocol of the Vengeful Stars
14%
Index Unit Psychomancer
14%
Index Unit Royal Warden
14%
Index Unit Skorpekh Destroyers
14%
Index Unit Skorpekh Lord
14%
Index Unit Technomancer
14%
Index Unit Tesseract Vault
14%
Index Unit Transcendent C'tan
14%
Index Unit Triarch Praetorians
14%
Index Unit Triarch Stalker
14%
Index Unit Vargard Obyron
14%
Enhancement Veil of Darkness
14%
Imperial Armour Unit Canoptek Acanthrites
0%
Imperial Armour Unit Canoptek Tomb Sentinel
0%
Imperial Armour Unit Canoptek Tomb Stalker
0%
Index Unit Convergence of Dominion
0%
Legends Unit Gauss Pylon
0%
Index Unit Hexmark Destroyer
0%
Enhancement Hypermaterial Ablator
0%
Index Unit Illuminor Szeras
0%
Legends Unit Night Shroud
0%
Stratagem Protocol of the Eternal Guardian
0%
Enhancement Sempiternal Weave
0%
Legends Unit Sentry Pylon
0%
Imperial Armour Unit Seraptek Heavy Construct
0%
Imperial Armour Unit Tesseract Ark
0%
Enhancement The Sovereign Coronal
0%
Index Unit Tomb Blades
0%
Legends Unit Tomb Citadel Walls
0%
No matching quizzes found
Score Distribution
Percent of People with Each Score
Percentile by Number Answered
Your Score History
You have not taken this quiz